| 000 | 01653nam a2200481 i 4500 | ||
|---|---|---|---|
| 001 | 7045 | ||
| 003 | KOSZ 005 | ||
| 005 | 20200127083616.0 | ||
| 008 | 090513s1954 pl a f f |000 0 pol | ||
| 015 | _aPB 1955/1645 | ||
| 035 | _a991049201609705066 | ||
| 035 | _a(PL-WaBN)b23711012-48omnis_nlop | ||
| 035 | _ab23711012 | ||
| 035 | _a(OCoLC)836648708 | ||
| 035 | _a(PL)b0000002371101 | ||
| 035 | _a(EXLNZ-48OMNIS_NETWORK)9910202097405606 | ||
| 040 |
_aWA N _cWA N _dKOSZ 005/EC |
||
| 041 | _apol | ||
| 046 | _k1954 | ||
| 080 | _a621 | ||
| 080 | _a(075) | ||
| 100 | 1 |
_aJanke, Edward. _eAutor |
|
| 245 | 1 | 0 |
_aPasowania i pomiary / _cEdward Janke. |
| 260 |
_aWarszawa : _bPaństwowe Wydawnictwo Szkolnictwa Zawodowego, _c1954. |
||
| 300 |
_a259, [1] s. : _bil., err. ; _c21 cm. |
||
| 336 |
_2rdacontent _aTekst _btxt |
||
| 337 |
_2rdamedia _aBez urządzenia pośredniczącego _bn |
||
| 338 |
_2rdacarrier _aWolumin _bnc |
||
| 380 | _aKsiążki | ||
| 380 | _aPublikacje dydaktyczne | ||
| 385 |
_mPoziom nauczania _aSzkoły średnie |
||
| 388 | _a1901-2000 | ||
| 388 | _a1945-1989 | ||
| 500 | _aZatwierdzony przez Centralny Urząd Szkolenia Zawodowego jako podręcznik dla technikum mechanicznego kl. 4. | ||
| 650 | 7 |
_aPomiary _2DBN |
|
| 650 | 7 |
_aTolerancje i pasowania _2DBN |
|
| 655 | 7 |
_aPodręczniki dla szkół zawodowych _2DBN |
|
| 658 | _aInżynieria i technika | ||
| 710 | 2 |
_aPaństwowe Wydawnictwa Szkolnictwa Zawodowego _4pbl |
|
| 856 |
_uhttp://koha.tu.koszalin.pl/cgi-bin/koha/opac-detail.pl?biblionumber=7045 _yKatalog online BPK |
||
| 942 |
_2UKD _cKS |
||
| 999 |
_c7045 _d7045 |
||